000 00871nam a2200205Ia 4500
999 _c36638
_d36638
003 GCL
005 20240530103058.0
008 140319s9999 xx 000 0 ara d
040 _aGCL /
_cGCL
082 0 4 _a726.1/
_bص و
100 1 _aصالح لمعى مصطفى
245 1 2 _aالوثائق والعمارة :
_bدراسة فى العمارة الاسلامية فى العصر المملوكى الجركسى : الجامع الابيض بالحوش السلطانى بقلعة القاهرة /
_cصالح لمعى مصطفى
260 _aالقاهرة :
_bدار النهضة العربية للطباعة والنشر ،
_c1980
300 _a33 ص.
650 0 4 _aالاثار الاسلامية
650 0 4 _aالمساجد
650 0 4 _aالعمارة الاسلامية فى العصر الم
650 0 4 _aالجامع الابيض
942 _2ddc
_cBK